Obras y escritos pastorales / (Record no. 10262)

MARC details
000 -LEADER
campo de control de longitud fija 00989nam a2200229 i 4500
001 - NÚMERO DE CONTROL
campo de control 10262
003 - IDENTIFICADOR DE NÚMERO DE CONTROL
campo de control ES-MaACL
005 - FECHA Y HORA DE LA ÚLTIMA TRANSACCIÓN
campo de control 20250830062227.0
008 - DATOS DE LONGITUD FIJA--INFORMACIÓN GENERAL
campo de control de longitud fija 950404m19931994sp ||||1| spa d
020 ## - NÚMERO INTERNACIONAL ESTÁNDAR DEL LIBRO
Número Internacional Estándar del Libro 84-85998-08-1
080 ## - NÚMERO DE LA CLASIFICACIÓN DECIMAL UNIVERSAL
Número de la Clasificación Decimal Universal 25(081)
100 1# - ENTRADA PRINCIPAL--NOMBRE DE PERSONA
Nombre de persona Suquía Goicoechea, Ángel.
9 (RLIN) 108809
245 10 - MENCIÓN DEL TÍTULO
Título Obras y escritos pastorales /
Mención de responsabilidad, etc. Angel Suquía Goicoechea ; [edición preparada por Javier Martínez Fernández].
260 ## - PUBLICACIÓN, DISTRIBUCIÓN, ETC.
Lugar de publicación, distribución, etc. Madrid :
Nombre del editor, distribuidor, etc. Arzobispado de Madrid,
Fecha de publicación, distribución, etc. 1993-1994.
300 ## - DESCRIPCIÓN FÍSICA
Extensión 5 v. :
Otras características físicas il., retr. ;
Dimensiones 24 cm.
505 0# - NOTA DE CONTENIDO CON FORMATO
Nota de contenido con formato v. 1. 1942-1966, escritos anteriores a la ordenación episcopal - v. 2. Almería (1966-1969), Málaga (1970-1973) - v. 3. Santiago de Compostela (1973-1983) - v. 4/1. Madrid (1983-1989) - v. 4/2. Madrid (1990-1994).
650 17 - PUNTO DE ACCESO ADICIONAL DE MATERIA--TÉRMINO DE MATERIA
Término de materia o nombre geográfico como elemento de entrada Teología pastoral
Fuente del encabezamiento o término embne
9 (RLIN) 17472
700 1# - ENTRADA AGREGADA--NOMBRE PERSONAL
Nombre de persona Martínez Fernández, Javier.
9 (RLIN) 171243
710 1# - ENTRADA AGREGADA--NOMBRE DE ENTIDAD CORPORATIVA
Nombre de entidad corporativa o nombre de jurisdicción como elemento de entrada Madrid (Archidiócesis).
Unidad subordinada Arzobispado.
9 (RLIN) 171242
852 ## - LOCALIZACIÓN
Ubicación ES-MaACL
Número de control de estantería L-17791-95
Holdings
Estatus retirado Estado de pérdida Estado de daño No para préstamo Biblioteca de origen Biblioteca actual Ubicación en estantería Fecha de adquisición Fuente de adquisición Total de préstamos Signatura topográfica completa Código de barras Visto por última vez Precio de reemplazo Tipo de ítem Koha
        Biblioteca del Ateneo de Madrid Biblioteca del Ateneo de Madrid Depósito 2 17/01/2008     L-17791-95 1010472 23/02/2023 23/02/2023 Libro impreso